| 000 | 00362nam a2200157Ia 4500 | ||
|---|---|---|---|
| 100 | _aMartinez/David R | ||
| 650 | _aHandbook | ||
| 942 | _cRB | ||
| 366 | _f20 | ||
| 245 | _aHigh performance Embedded computing Handbook:ystem Perspective | ||
| 260 |
_bCRC Press _c2009 |
||
| 082 |
_a4.16 _bMAR |
||
| 300 | _a567 | ||
| 546 |
_aENGLISH _cComputers |
||
| 999 |
_c27786 _d27786 |
||